| 000 | 00646nam a22001697a 4500 | ||
|---|---|---|---|
| 005 | 20120519124718.0 | ||
| 020 |
_a019563974X _c00 |
||
| 035 | _aA-820694 | ||
| 037 |
_aDPL _bENG |
||
| 100 |
_aDholakia, Ravindra H. _947464 |
||
| 245 |
_aMicroeconomics for management students / _cby Ravindra H. Dholakia and Ajay N. Oza |
||
| 260 |
_aDelhi _bOxford University Press _c1996 |
||
| 300 |
_aviii, 420p. _c18 cms. |
||
| 700 |
_aOza, Ajay N. _947465 |
||
| 942 |
_2ddc _cEN _h338.5024658 _mDHO |
||
| 999 |
_c66908 _d66908 |
||